№ 2; Машиностроитель

Detalles Bibliográficos
Parent link:Машиностроитель: научно-технический журнал/ ООО "Научно-техническое предприятие "Вираж-Центр". № 2.— , 1931-1941, 1957-
Idioma:ruso
Publicado: 2016
Formato: Libro
KOHA link:https://koha.lib.tpu.ru/cgi-bin/koha/opac-detail.pl?biblionumber=560341

MARC

LEADER 00000nam2a2200000 4500
001 560341
005 20231101122754.0
035 |a (RuTPU)RU\TPU\prd\255393 
090 |a 560341 
100 |a 20160414a19319999k y0rusy50 ca 
101 0 |a rus 
102 |a RU 
200 0 |a № 2 
210 |d 2016 
461 1 |0 (RuTPU)RU\TPU\prd\1621  |t Машиностроитель  |o научно-технический журнал  |f ООО "Научно-техническое предприятие "Вираж-Центр"  |v № 2  |d 1931-1941, 1957- 
801 0 |a RU  |b 63413507  |c 20010227  |g PSBO 
801 1 |a RU  |b 63413507  |c 20160414 
801 2 |a RU  |b 63413507  |c 20230517  |g RCR 
942 |c BK 
999 |a НТБ_ТПУ  |b НФ  |e -1/20160111  |p П-3086  |s 6/20151117  |u 0,00  |v 1